000 00307nam a2200133Ia 4500
008 190216s9999||||xx |||||||||||||| ||und||
100 _aBeskin N M
245 0 _aImages Of Geometric Solids
250 _a1st Ed.
260 _bMir Pubs Moscow
_c1985
300 _a77p
650 _aMathematics
942 _cBK
999 _c31024
_d31024